PSD 2 - příležitost k rozvoji, nebo další povinnost ?
Smernica PSD 2 je novodobný fenomén vo svete financií. Na jednej strane predstavuje príležitosť pre banky ako zlepšiť svoje služby, na druhej strane je to povinné regulačné opatrenie zo strany EÚ. TConnector ako kompaktné a ucelené riešenie plniace všetky požiadavky smernice PSD 2 a vyžadujúce minim...
Guardado en:
| Autor principal: | |
|---|---|
| Formato: | Capítulo de libro |
| Lenguaje: | checo |
| Materias: | |
| Etiquetas: |
Sin Etiquetas, Sea el primero en etiquetar este registro!
|
MARC
| LEADER | 00000naa a2200000 4500 | ||
|---|---|---|---|
| 001 | 0246486 | ||
| 005 | 20180719100539.1 | ||
| 041 | 0 | |a cze | |
| 044 | |a CZ | ||
| 245 | 1 | 0 | |a PSD 2 - příležitost k rozvoji, nebo další povinnost ? |c Petr Blažek |
| 520 | |a Smernica PSD 2 je novodobný fenomén vo svete financií. Na jednej strane predstavuje príležitosť pre banky ako zlepšiť svoje služby, na druhej strane je to povinné regulačné opatrenie zo strany EÚ. TConnector ako kompaktné a ucelené riešenie plniace všetky požiadavky smernice PSD 2 a vyžadujúce minimimálne implementačné náklady. Daný nástroj slúži ako riadený prístup tretích strán k informáciám o účtoch a iniciácii platieb. Jeho základné pricípy, procesy a schéma. | ||
| 610 | 2 | 0 | |a služby elektronické |
| 610 | 2 | 0 | |a služby finančné |
| 610 | 2 | 0 | |a bezpečnosť elektronická |
| 610 | 2 | 0 | |a smernice |
| 610 | 2 | 0 | |a bankovníctvo |
| 610 | 2 | 0 | |a ochrana spotrebiteľa |
| 100 | 1 | |a Blažek, Petr | |